000 00534nam a2200169Ia 4500
008 130821s1970 xxu gr eng
040 _aCo-BoUCM
_bspa
041 _aeng
100 1 _aSteinbeck, John
_9109991
245 1 4 _aThe grapes of wrath
_cJohn Steinbeck.
260 _aNueva York (Estados Unidos)
_bBantam Books
_c1970
300 _a502 páginas
650 0 4 _aLiteratura estadounidense
_918653
650 0 4 _aNovela estadounidense
_920501
942 _cLIBRO
_a18
_e1
_mS73
_2DEWEY
_h813.5
_n0
999 _c5564
_d5564